000 00307nam a22001337a 4500
008 260326b ||||| |||| 00| 0 eng d
020 _a8886811462
041 _aeng -Shqip
080 _a698.83
100 _a25
101 _aNgjarje
245 _aSelia e Shenjtë dhe Kriza në Kosovë
942 _2udc
_cBK
999 _c60940
_d60940